Presidential Middle Names Initial - Whammies - Statistics

General Stats
  • This quiz has been taken 65 times
  • The average score is 9 of 12
Answer Stats
First Middle Last % Correct
Franklin D. Roosevelt
100%
John F. Kennedy
96%
Lyndon B. Johnson
89%
Donald J. Trump
88%
Ulysses S. Grant
88%
Harry S. Truman
84%
Dwight D. Eisenhower
74%
Chester A. Arthur
65%
William H. Taft
65%
James K. Polk
65%
Joe R. Biden
53%
Gerald R. Ford
40%
No matching quizzes found
Score Distribution
Percent of People with Each Score
Percentile by Number Answered
Your Score History
You have not taken this quiz